ՀՀ Գիտությունների ազգային ակադեմիայի հիմնարար գիտական գրադարան  =   Fundamental Scientific Library of NAS RA

Иван Грозный и его оппоненты / (Record no. 537307)

MARC details
000 -LEADER
fixed length control field 00890nam a2200217 a 4500
001 - CONTROL NUMBER
control field 1274902
003 - CONTROL NUMBER IDENTIFIER
control field AM-YEHGA
005 - DATE AND TIME OF LATEST TRANSACTION
control field 20251031160342.0
008 - FIXED-LENGTH DATA ELEMENTS--GENERAL INFORMATION
fixed length control field 180214s1898 ru |||||r|||||000|0arus|d
040 ## - CATALOGING SOURCE
Original cataloging agency AM-YEHGA
041 0# - LANGUAGE CODE
Language code of text/sound track or separate title rus
100 1# - MAIN ENTRY--PERSONAL NAME
Personal name Кизеветтер, Александр Александрович
245 10 - TITLE STATEMENT
Title Иван Грозный и его оппоненты /
Statement of responsibility, etc. А.А. Кизеветтер.
260 ## - PUBLICATION, DISTRIBUTION, ETC.
Place of publication, distribution, etc. Москва :
Name of publisher, distributor, etc. Гросман и Кнебель (И. Кнебель),
Date of publication, distribution, etc. 1898.
300 ## - PHYSICAL DESCRIPTION
Extent 86, [2] с. ;
Dimensions 18 см.
490 1# - SERIES STATEMENT
Series statement Вопросы науки, искусства, литературы и жизни
Volume/sequential designation № 21
600 04 - SUBJECT ADDED ENTRY--PERSONAL NAME
Personal name Иван
Numeration IV
Titles and other words associated with a name царь русский
Dates associated with a name 1530-1584
650 14 - SUBJECT ADDED ENTRY--TOPICAL TERM
Topical term or geographic name entry element История
Geographic subdivision Россия
830 #0 - SERIES ADDED ENTRY--UNIFORM TITLE
Uniform title Вопросы науки, искусства, литературы и жизни
Volume/sequential designation № 21
942 ## - ADDED ENTRY ELEMENTS (KOHA)
Source of classification or shelving scheme Universal Decimal Classification
Koha item type Գրքեր / Books
Holdings
Withdrawn status Lost status Damaged status Not for loan Collection Home library Current library Date acquired Total checkouts Full call number Barcode Date last seen Price effective from Koha item type Public note
        Kusikian Individual Collection Fundamental Scientific Library Fundamental Scientific Library 29/09/2025   Кус/4397 FL0697555 29/09/2025 08/10/2025 Գրքեր / Books ILL Non-Circ.


ՀՀ ԳԱԱ հիմնարար գիտական գրադարան
ՀՀ,Երևան 0019
Մարշալ Բաղրամյան 24/6
հեռախոս:(374-10) 52-47-50
Հետադարձ կապ

All site content, except where otherwise noted, is licensed under a
Creative Commons License